Geography by Letter - P - Statistics

General Stats
  • This quiz has been taken 177,004 times
    112,382 since last reset
  • The average score is 18 of 24
Answer Stats
Hint Answer % Correct
Capital of France Paris
100%
Currency of the UK Pound
97%
Warsaw is its capital Poland
96%
Primary language of Brazil Portuguese
96%
Currency of Mexico Peso
93%
One of the U.S. states Pennsylvania
91%
Canal that connects the Atlantic to the Pacific Panama Canal
84%
Iran by another name Persia
84%
Capital of Western Australia Perth
84%
Roman city destroyed by Mt. Vesuvius Pompeii
81%
The West Bank and the Gaza Strip Palestine
78%
51st U.S. state? Puerto Rico
75%
Largest city in that state Philadelphia
73%
Mountain range that divides France and Spain Pyrenees
73%
Body of land surrounded by water on three sides Peninsula
71%
Former English name of Beijing Peking
67%
Prominent London "circus" Piccadilly
65%
Famous temple on the Athens Acropolis Parthenon
62%
Region of southern Argentina and Chile Patagonia
59%
Largest city in Bohemia Prague
54%
Running of the Bulls city Pamplona
47%
River that flows past Washington D.C. Potomac
46%
Region of eastern Pakistan and northern India Punjab
41%
Ocean inlet that borders Seattle {Puget} Sound
39%
No matching quizzes found
Score Distribution
Percent of People with Each Score
Percentile by Number Answered
Your Score History
You have not taken this quiz since the last reset